[Event "Titled Tuesday intern op 09th Aug Late"]
[Site "Chess.com INT"]
[Date "2022.08.09"]
[Round "1"]
[White "Sibilio, Mario"]
[Black "Hafiz, Arif Abdul"]
[Result "0-1"]
[WhiteElo "2279"]
[BlackElo "2234"]
[PlyCount "122"]
[EventDate "2022.08.09"]
[EventType "swiss (blitz)"]
[EventRounds "11"]
[EventCountry "USA"]
[SourceTitle "EXT 2023"]
[Source "ChessBase"]
[SourceDate "2022.10.05"]
[SourceVersion "1"]
[SourceVersionDate "2022.10.05"]
[SourceQuality "1"]

1. Nf3 Nf6 2. c4 c6 3. Nc3 d5 4. d4 e6 5. Bg5 Nbd7 6. e3 Be7 7. Rc1 0-0 8. a3 a6 9. Bd3 dxc4 10. Bxc4 b5 11. Bd3 Bb7 12. Bxf6 Nxf6 13. Ne4 Nxe4 14. Bxe4 Qb6 15. Ne5 Qa5+ 16. Qd2 Qxd2+ 17. Kxd2 Rfc8 18. Bxc6 Bxc6 19. Rxc6 Rxc6 20. Nxc6 Bd6 21. f4 Kf8 22. g3 Ke8 23. Rc1 f6 24. Kd3 Kd7 25. Rc2 a5 26. e4 Ra6 27. d5 exd5 28. exd5 a4 29. Nd4 Rb6 30. Rc6 Rb8 31. Ra6 Rb7 32. Nc6 g6 33. Ra7 Rxa7 34. Nxa7 b4 35. axb4 Bxb4 36. Kc4 Be1 37. Nc6 Bf2 38. Nd4 Kd6 39. Nf3 Be3 40. Ne1 Bg1 41. Nf3 Be3 42. Ne1 Bg1 43. Nf3 Bf2 44. Nd2 Be3 45. Ne4+ Ke7 46. Kd3 Bg1 47. h3 f5 48. Nc3 Kd6 49. Kc4 Bf2 50. g4 Be3 51. gxf5 gxf5 52. Nxa4 Bxf4 53. Nc5 Be3 54. Nd3 f4 55. Ne1 Bc1 56. b4 Be3 57. Nf3 Bf2 58. b5 Be3 59. Ng5 h6 60. Nf3 Bb6 61. Nd4 Ke5 0-1

[Event "Titled Tuesday intern op 02nd Aug Early"]
[Site "Chess.com INT"]
[Date "2022.08.02"]
[Round "11"]
[White "Hafiz, Arif Abdul"]
[Black "Cnejev, Vladimir Alexandru"]
[Result "1-0"]
[WhiteElo "2234"]
[BlackElo "2165"]
[PlyCount "87"]
[EventDate "2022.08.02"]
[EventType "swiss (blitz)"]
[EventRounds "11"]
[EventCountry "USA"]
[SourceTitle "EXT 2023"]
[Source "ChessBase"]
[SourceDate "2022.10.05"]
[SourceVersion "1"]
[SourceVersionDate "2022.10.05"]
[SourceQuality "1"]

1. e4 e5 2. Nc3 Bc5 3. Nf3 Nc6 4. Bc4 Nf6 5. 0-0 0-0 6. d3 h6 7. Be3 Bxe3 8. fxe3 d6 9. Qe1 Na5 10. Bb3 Nxb3 11. axb3 c6 12. h3 Re8 13. Ne2 d5 14. exd5 cxd5 15. Nh4 Qc7 16. Ng3 Re6 17. Qf2 a5 18. Nhf5 Raa6 19. Ra4 Rac6 20. c3 e4 21. dxe4 Nxe4 22. Nxe4 Rxe4 23. Rxe4 dxe4 24. Nd4 Rf6 25. Qh4 Rxf1+ 26. Kxf1 f5 27. Qh5 Qd7 28. Qg6 Kf8 29. Qb6 Qd5 30. c4 Qd7 31. Qxa5 Kf7 32. Qe5 b6 33. Kf2 g6 34. b4 Qa7 35. Nb5 Qd7 36. Nd6+ Kg8 37. c5 bxc5 38. bxc5 Bb7 39. Qf6 Kh7 40. b4 Bc6 41. Kg3 h5 42. Kh4 Qg7 43. Qxg7+ Kxg7 44. Kg5 1-0

[Event "Titled Tuesday intern op 02nd Aug Early"]
[Site "Chess.com INT"]
[Date "2022.08.02"]
[Round "4"]
[White "Hafiz, Arif Abdul"]
[Black "Shvedova, Alexandra"]
[Result "1-0"]
[WhiteElo "2234"]
[BlackElo "2145"]
[PlyCount "55"]
[EventDate "2022.08.02"]
[EventType "swiss (blitz)"]
[EventRounds "11"]
[EventCountry "USA"]
[SourceTitle "EXT 2023"]
[Source "ChessBase"]
[SourceDate "2022.10.05"]
[SourceVersion "1"]
[SourceVersionDate "2022.10.05"]
[SourceQuality "1"]

1. e4 c5 2. Nc3 Nc6 3. f4 g6 4. Nf3 Bg7 5. Bb5 Nd4 6. 0-0 e6 7. d3 Ne7 8. Nxd4 Bxd4+ 9. Kh1 a6 10. Ba4 b5 11. Bb3 d5 12. Ne2 Bg7 13. c3 Bb7 14. e5 Qc7 15. d4 0-0 16. Be3 cxd4 17. Nxd4 Nc6 18. h4 h5 19. g4 hxg4 20. Qxg4 Ne7 21. h5 Nf5 22. Bf2 Nh6 23. Qh3 gxh5 24. Qxh5 Qe7 25. Rg1 Kh8 26. Rxg7 Kxg7 27. Rg1+ Kh7 28. Bc2+ 1-0

[Event "Titled Tuesday intern op 02nd Aug Early"]
[Site "Chess.com INT"]
[Date "2022.08.02"]
[Round "7"]
[White "Khripachenko, Alexander"]
[Black "Hafiz, Arif Abdul"]
[Result "1-0"]
[WhiteElo "2137"]
[BlackElo "2234"]
[PlyCount "93"]
[EventDate "2022.08.02"]
[EventType "swiss (blitz)"]
[EventRounds "11"]
[EventCountry "USA"]
[SourceTitle "EXT 2023"]
[Source "ChessBase"]
[SourceDate "2022.10.05"]
[SourceVersion "1"]
[SourceVersionDate "2022.10.05"]
[SourceQuality "1"]

1. e4 c5 2. Nf3 Nc6 3. d4 cxd4 4. Nxd4 g6 5. c4 Nf6 6. Nc3 d6 7. f3 Nxd4 8. Qxd4 Bg7 9. Be3 0-0 10. Qd2 Be6 11. Be2 Qa5 12. Rc1 Rfc8 13. b3 a6 14. Na4 Qxd2+ 15. Kxd2 Nd7 16. g4 f5 17. exf5 gxf5 18. h3 Rf8 19. f4 Rad8 20. g5 d5 21. cxd5 Bxd5 22. Rhd1 e5 23. Ke1 Bc6 24. Nc5 exf4 25. Nxd7 Rxd7 26. Rxd7 Bxd7 27. Bxf4 Re8 28. Kf1 Re4 29. Rc4 Bd4 30. Bd2 f4 31. Bg4 Bb5 32. Bf3 Re7 33. Bxf4 b6 34. Kg2 Bxc4 35. bxc4 Re1 36. Bd5+ Kg7 37. Bb7 a5 38. a4 Kg6 39. Kf3 Bc5 40. Be4+ Kg7 41. Be5+ Kg8 42. h4 Re3+ 43. Kf4 Ra3 44. h5 Rxa4 45. Bd5+ Kf8 46. g6 hxg6 47. hxg6 1-0

[Event "Titled Tuesday intern op 26th Jul Early"]
[Site "Chess.com INT"]
[Date "2022.07.26"]
[Round "6"]
[White "Hafiz, Arif Abdul"]
[Black "Fecker, Noah"]
[Result "1-0"]
[WhiteElo "2234"]
[BlackElo "2387"]
[PlyCount "81"]
[EventDate "2022.07.26"]
[EventType "swiss (blitz)"]
[EventRounds "11"]
[EventCountry "USA"]
[SourceTitle "EXT 2023"]
[Source "ChessBase"]
[SourceDate "2022.10.05"]
[SourceVersion "1"]
[SourceVersionDate "2022.10.05"]
[SourceQuality "1"]

1. e4 e6 2. d4 d5 3. Nc3 dxe4 4. Nxe4 Bd7 5. Nf3 Bc6 6. Bd3 Nd7 7. 0-0 Ngf6 8. Ng3 g6 9. Qe2 Bg7 10. Rd1 0-0 11. Bg5 h6 12. Bf4 Bxf3 13. Qxf3 Nd5 14. Bd2 c6 15. c4 N5f6 16. Bb4 Re8 17. Ne4 Nxe4 18. Bxe4 a5 19. Bc3 a4 20. Rd2 Nb6 21. Qe2 Qg5 22. Rad1 Rad8 23. g3 Rd7 24. h4 Qe7 25. h5 g5 26. Bc2 a3 27. b3 Nc8 28. Qe4 Qf6 29. Qh7+ Kf8 30. Bb4+ Ne7 31. Rd3 Red8 32. Bc5 Bh8 33. Kg2 Qg7 34. Qe4 Kg8 35. Bxa3 Nf5 36. d5 cxd5 37. cxd5 Nd6 38. Bxd6 Rxd6 39. dxe6 Rxd3 40. Rxd3 Rxd3 41. e7 1-0

[Event "Titled Tuesday intern op 26th Jul Early"]
[Site "Chess.com INT"]
[Date "2022.07.26"]
[Round "8"]
[White "Kamsky, Gata"]
[Black "Hafiz, Arif Abdul"]
[Result "1-0"]
[WhiteElo "2655"]
[BlackElo "2234"]
[PlyCount "125"]
[EventDate "2022.07.26"]
[EventType "swiss (blitz)"]
[EventRounds "11"]
[EventCountry "USA"]
[SourceTitle "EXT 2023"]
[Source "ChessBase"]
[SourceDate "2022.10.05"]
[SourceVersion "1"]
[SourceVersionDate "2022.10.05"]
[SourceQuality "1"]

1. e4 Nc6 2. d4 d5 3. e5 Bf5 4. Nf3 e6 5. Bd3 Bxd3 6. Qxd3 f6 7. exf6 gxf6 8. 0-0 Qd7 9. Bf4 0-0-0 10. Re1 Nge7 11. Nc3 Ng6 12. Bg3 Bd6 13. Re3 Bxg3 14. fxg3 e5 15. Qd2 e4 16. Nh4 Rhg8 17. Kh1 f5 18. Ne2 Nce7 19. Rf1 Nxh4 20. gxh4 Ng6 21. h5 Ne7 22. Nf4 Qd6 23. a3 Rg4 24. g3 Ng8 25. Ng2 Rf8 26. Re2 Rg7 27. Ref2 Rgf7 28. Rf4 Qe6 29. Ne3 Ne7 30. Qf2 Rg8 31. c3 Rg5 32. g4 Rfg7 33. h4 Rxg4 34. Rxg4 Rxg4 35. Nxg4 fxg4 36. Qf8+ Kd7 37. Rf6 Qg8 38. Qxg8 Nxg8 39. Rf7+ Ke6 40. Rxh7 e3 41. Kg1 g3 42. Kf1 Nf6 43. Rg7 Nxh5 44. Rg5 Nf4 45. Rxg3 e2+ 46. Ke1 Kf5 47. h5 Nxh5 48. Re3 Nf4 49. Re7 c6 50. b3 a5 51. Rxb7 Ke4 52. Kd2 e1Q+ 53. Kxe1 Kd3 54. b4 a4 55. Ra7 Kxc3 56. Rxa4 Nd3+ 57. Ke2 Nb2 58. Ra6 Kxd4 59. Rxc6 Nc4 60. a4 Nb2 61. a5 Nd3 62. b5 Ne5 63. Rc7 1-0

[Event "Titled Tuesday intern op 26th Jul Late"]
[Site "Chess.com INT"]
[Date "2022.07.26"]
[Round "7"]
[White "Sarana, Alexey"]
[Black "Hafiz, Arif Abdul"]
[Result "1-0"]
[WhiteElo "2668"]
[BlackElo "2234"]
[PlyCount "111"]
[EventDate "2022.07.26"]
[EventType "swiss (blitz)"]
[EventRounds "11"]
[EventCountry "USA"]
[SourceTitle "EXT 2023"]
[Source "ChessBase"]
[SourceDate "2022.10.05"]
[SourceVersion "1"]
[SourceVersionDate "2022.10.05"]
[SourceQuality "1"]

1. c4 Nc6 2. Nc3 e5 3. g3 Nf6 4. Bg2 Bb4 5. Nd5 0-0 6. e3 d6 7. Ne2 Nxd5 8. cxd5 Ne7 9. 0-0 Ba5 10. d4 f6 11. Bd2 Bb6 12. Bc3 Qe8 13. b4 Bd7 14. a4 a5 15. bxa5 Bxa5 16. Bxa5 Rxa5 17. Nc3 Qa8 18. Qb1 exd4 19. exd4 Nf5 20. Bh3 g6 21. Re1 Qa7 22. Qb4 Rf7 23. Bxf5 Bxf5 24. Nb5 Qb6 25. Rac1 Ra8 26. Qc3 Rxa4 27. Nxc7 Qxd4 28. Re8+ Rf8 29. Qe1 Ra2 30. Rxf8+ Kxf8 31. Ne6+ Bxe6 32. dxe6 Qe5 33. Qb4 Ra1 34. Rxa1 Qxa1+ 35. Kg2 Qa6 36. Qh4 Qc6+ 37. Kg1 Qc1+ 38. Kg2 Qc6+ 39. Kg1 Kg7 40. Qd4 Qc5 41. Qa1 Qe5 42. Qa8 Qe1+ 43. Kg2 Qe4+ 44. Kg1 Qb1+ 45. Kg2 Qe4+ 46. Kg1 Qxe6 47. Qxb7+ Qf7 48. Qc6 d5 49. Qd6 Qb7 50. h4 Qb1+ 51. Kh2 Qe4 52. Qd7+ Kh6 53. Qd8 d4 54. Qf8+ Kh5 55. Qxf6 Kg4 56. f3+ 1-0